Estadísticas para Banderas del mundo

Haz click aquí para intentar la prueba.

Estadísticas generales

  • Esta prueba ha sido intentada 237 veces
    (228 desde el último reinicio)
  • La puntuación promedio es 16 de 30

Estadísticas de respuestas

Respuesta% Correcto
Turquía
98%
Nepal
93%
Vietnam
91%
Túnez
88%
China
86%
Somalia
80%
Chile
77%
Israel
76%
México
71%
Comoras
69%
Mauritania
69%
Camerún
68%
Myanmar
66%
Burkina Faso
54%
Taiwan
54%
Serbia
53%
Uzbekistán
52%
Islas Marshall
48%
Montenegro
46%
Guatemala
42%
Nauru
42%
Ecuador
41%
Islas Salomón
39%
Kazajistán
39%
Moldavia
37%
Namibia
37%
Zambia
26%
Papúa y Nueva Guinea
1%
Micronesia (Estados Federados de)
0%
R. Dem. del Congo
0%

Distribución de puntuación

Porcentaje por número respondido

Porcentaje de gente con cada puntuación

Historial de tus puntuaciones

No has intentado esta prueba desde el último reinicio